| 000 | 00942nas a2200313 4500 | ||
|---|---|---|---|
| 001 | BR2012008543 | ||
| 003 | BR-BrBNA | ||
| 005 | 20231205121440.0 | ||
| 007 | ta | ||
| 008 | 230509b bl.|||p| |||| 00| 00por d | ||
| 040 |
_aBR-BrBNA _bpor _cBiblioteca Nacional de Agricultura |
||
| 041 | _a(Es) | ||
| 072 | _aP33; K50 | ||
| 100 | 1 | _aMoya, R. | |
| 100 | 1 | _aArce L., V. | |
| 100 | 1 | _aGonzalez P., E. | |
| 100 | 1 | _aOlivares G., C. | |
| 100 | 1 | _aRios G., V. | |
| 245 | 1 | _aEfecto de las propiedades fisicas y quimicas del suelo en algunas propiedades de la madera de teca (Tectona grandis) | |
| 650 | _aMADEIRA | ||
| 650 | _aTECA | ||
| 650 | _aTECTONA GRANDIS | ||
| 650 | _aPROPRIEDADE FÍSICO-QUÍMICA | ||
| 650 | _aSOLO | ||
| 650 | _aQUALIDADE | ||
| 773 | 0 |
_tRevista Árvore (Brazil) _xISSN 0100-6762 _g(Nov-Dec 2010), v. 34(6) p. 1109-1118 _wBR2012008543 |
|
| 909 |
_a202311 _bLúcia _c55 _dLúcia Elande |
||
| 942 |
_2AGRIS _n0 _cANA |
||
| 999 |
_c223630 _d223630 |
||